| 000 | nam a22 7a 4500 | ||
|---|---|---|---|
| 999 |
_c25395 _d25395 |
||
| 008 | 170131b xxu||||| |||| 00| 0 eng d | ||
| 020 | _a0201219905 | ||
| 050 | _aQA 39.2 .A33 1989 | ||
| 100 |
_aCharles, Randall I. _d1989 |
||
| 245 |
_aAddison- wesley essentials of mathematics/ _cRandall I. Charles, Stanley A. Smith, Penelope P. Booth, John A. Dossey. |
||
| 260 |
_aNew york: _bAddison-wesley publishing company, _c1989. |
||
| 300 |
_axxxi, 562p.: _bill.; _c24cm. |
||
| 521 | _aIncludes bibliographical references and index. | ||
| 650 | _aMathematics. | ||
| 700 | _aSmith, Stanley A. | ||
| 700 | _aDossey, John A. | ||
| 700 | _aBooth, Penelope P. | ||
| 942 |
_2lcc _cBOOKS _hQA 39.2 .A33 1989 |
||